LEADER 01548nam a2200313 u 4500 001 000000014905 003 CaOOAMICUS 005 20070226105822.0 008 940517s1957 fr u000 u fre u 035 $a10350165 040 $aPUL$bita 100 1 $aSpanneut, Michel.$0(OLS)http://pul/name/11742 245 13$aLe stoïcisme des Pères de l'Église :$bde Clément de Rome à Clément d'Alexandrie : thèse pour le doctorat ès lettres présentée a la faculté des lettres de l'Université de Paris /$cpar Michel Spanneut. 250 $a2. éd. revue et augmentée. 260 $aParis :$bÉditions du Seuil,$cc1957. 300 $a484 p. ;$c21 cm 490 1 $aPatristica Sorbonensia ;$v1 500 $aComprende indici. 502 $aThèse (doctorat) -- Université de Paris, 1955. 504 $aBibliografia: p. 435-446. 650 4$aStoici e stoicismo$xStoria.$0(OLS)http://pul/subject/10396 650 4$aPatristica.$0(OLS)http://pul/subject/538 830 0$aPatristica Sorbonensia ;$v1.$0(OLS)http://pul/title/5805 850 $aPUL 852 $aPUL$W1$xSL Religione 1$y3$m21 B 1$j20886$nBK-PRI$b $qStampati$B20886$CPULBib$Z2$F20886 $H $81 941 1 $a8 961 $aINV: 23238 996 $6245$aLe stoïcisme des Pères de l'Église :$bde Clément de Rome à Clément d'Alexandrie : thèse pour le doctorat ès lettres présentée a la faculté des lettres de l'Université de Paris$9(OLS)http://pul/title/21376 996 $6260$aParis :$bÉditions du Seuil$9(OLS)http://pul/publisher/54032 LEADER 01339nam a2200289 u 4500 001 000000071573 003 CaOOAMICUS 005 20070226122139.0 008 020530s1910 enk u000 u eng u 035 $a10931533 040 $aPUL(R)$bita 100 1 $aHarnack, Adolf von,$d1851-1930.$0(OLS)http://pul/name/359 245 14$aThe constitution & law of the church in the first two centuries /$cby Adolf Harnack ; translated by F.L. Pogson ; edited by H.D.A. Major. 260 $aLondon :$bWilliams & Norgate,$c1910. 300 $a349 p. ;$c20 cm 490 1 $aCrown theological library ;$vXXXI 500 $aContiene indice. 504 $aBibliografia in nota. 651 4$aInghilterra$xDiritto.$0(OLS)http://pul/subject/17958 700 1 $aPogson, F. L.$0(OLS)http://pul/name/47483 700 1 $aMajor, H.D.A.$qHenry Dewsbury Alves,$d1872-$0(OLS)http://pul/name/47482 830 0$aCrown theological library ;$vXXXI.$0(OLS)http://pul/title/42230 850 $aPUL 852 $aPUL$W1$xDP1 Cons. Gen., Altre Classi 1$y22$m929 B 26$j92585$nBK-PRI$b $qStampati$B92585$CPULBib$Z2$F92585 $H $81 941 1 $a8 996 $6245$aThe constitution & law of the church in the first two centuries$9(OLS)http://pul/title/94206 996 $6260$aLondon :$bWilliams & Norgate$9(OLS)http://pul/publisher/60762 LEADER 01345nam a2200277 u 4500 001 000000110428 003 CaOOAMICUS 005 20080307115854.0 008 080307s2007 it u000 u ita u 020 $z978-88-13-27395-8* 040 $aPUL$bita$dBc 100 1 $aAbatangelo, Chiara,$d1975-$0(OLS)http://pul/name/67669 245 10$aAtti e pareri svolti in materia di diritto civile-penale-amministrativo /$cChiara Abatangelo, Giangiuseppe Baj, Paola Rubini. 260 $aPadova :$bCEDAM,$c2007. 300 $avii, 298 p. ;$c24 cm. 650 4$aDiritto civile$zItalia$vManuali.$0(OLS)http://pul/subject/34129 650 4$aDiritto penale$zItalia$vManuali.$0(OLS)http://pul/subject/8081 650 4$aDiritto amministrativo$zItalia$vManuali.$0(OLS)http://pul/subject/17904 700 1 $aRubini, Paola.$0(OLS)http://pul/name/67671 700 1 $aBaj, GianGiuseppe.$0(OLS)http://pul/name/67670 850 $aPUL 852 $aPUL$W1$xSL Diritto e Scienze Sociali 3$y79$m340. 023 ABACH 1$j126503$qDDC 21$B125228$CPULBib$Z2$F125228 $H105846 $82 941 1 $a9 996 $6020$z978-88-13-27395-8*$9(OLS)http://pul/number/137447 996 $6245$aAtti e pareri svolti in materia di diritto civile-penale-amministrativo$9(OLS)http://pul/title/138850 996 $6260$aPadova :$bCEDAM$9(OLS)http://pul/publisher/48126